| 000 | 00859nam a22002297a 4500 | ||
|---|---|---|---|
| 999 |
_c2206 _d2206 |
||
| 003 | AR-CdUCM | ||
| 008 | 190304b ||||| |||| 00| 0 spa d | ||
| 020 | _a9631203772 | ||
| 040 |
_aMUNICIPALIDAD PROVINCIAL DEL CUSCO _cBIBLIOTECA MUNICIPAL DEL CUSCO |
||
| 082 |
_a373.3 / _bS21 |
||
| 100 |
_aSándor, Frigyes _97956 |
||
| 245 |
_aEducación musical en Hungria : _bCorvina / |
||
| 260 |
_aMadrid : _bCorvina Kiadó, _c1981. |
||
| 300 |
_a310 páginas ; _c22 cm. |
||
| 505 | _aMúsica folklorica y educación musical -- El solfeo en la educación musical -- La enseñanza de música en los jardines de infancia -- Enseñanza del canto y la música... | ||
| 650 |
_aMúsica. _91443 |
||
| 650 |
_aFloklore. _97957 |
||
| 650 |
_aEnseñanza de música _97958 |
||
| 700 |
_aAngulo, Manuel (traductor) _97959 |
||
| 942 |
_2ddc _cLIBROS |
||
| 945 |
_awfj _d2019-03-04 |
||